| 000 | 01048nam a2200289Ia 4500 | ||
|---|---|---|---|
| 003 | GCL | ||
| 008 | 140319s9999 xx 000 0 ara d | ||
| 020 | _a3302701977 | ||
| 040 |
_aGCL / _cGCL |
||
| 082 | 0 | 4 |
_aق _b953.084 _bم ا |
| 100 | 1 | _aمحمد كمال الدين عزالدين على | |
| 245 | 1 | 0 |
_aاربعة مؤرخين واربعة مؤلفات من دولة المماليك الجراكسة(53) / _cمحمد كمال الدين عزالدين على |
| 250 | _aالاولى | ||
| 260 |
_aالقاهرة : _bالهيئة المصرية العامة للكتاب ، _c1992 |
||
| 300 |
_a299 ص ؛ _c15 سم |
||
| 490 |
_aتاريخ المصريين _v53 |
||
| 650 | 0 | 4 | _aمصر |
| 650 | 0 | 4 | _aتاريخ |
| 650 | 0 | 4 | _aالمؤرخون |
| 650 | 0 | 4 | _aنقد الكتب |
| 650 | 0 | 4 | _aالمؤرخون المصريون |
| 650 | 0 | 4 | _aالملوك والحكام |
| 650 | 0 | 4 | _aالمؤرخون العرب |
| 650 | 0 | 4 | _aالمماليك الجراكسة(1517-1382) |
| 650 | 0 | 4 | _aالرجال - تراجم |
| 942 |
_2ddc _cBK |
||
| 999 |
_c52814 _d52814 |
||